000 00844nam a2200145Ia 4500
008 240429s9999||||xx |||||||||||||| ||und||
041 _aeng
082 _aPM/PIF/12
100 _aParliament of Ghana
245 0 _aUS
_100,000,000 Subsidiary Agreement Between The Republic Of Ghana As Borrower Represented By The Minister For Finance And Economic Planning And China Development Bank Corporation As Lender In Relation To The SME Projects Incubation Facility Under The Tranche B Facility 2012
300 _a19p:tabs
650 _aUS
_100,000,000 Subsidiary Agreement Between The Republic Of Ghana As Borrower - Represented By The Minister For Finance And Economic Planning And China - Development Bank Corporation As Lender In Relation To The SME Projects Incubation - Facility Under The Tranche B Facility 2012
942 _cMOU
999 _c3152
_d3152